Fešáci 45 let největší hity & bonusy 1967-2012

Korporativní autor: Fešáci (hudební skupina)
Jazyk: Čeština
Vydáno: Praha : Supraphon, p2012
Témata:
Fyzický popis: 2 zvukové desky (158:19) : digital, stereo ; 12 cm
Zvukové nahrávky
Uloženo v:
LEADER 01926njm a2200373 a 4500
001 001270588
003 CZ BrMZK
005 20130125090141.0
007 sd fsngnnmmned
008 121212p20121969xr cynng a cze d
015 |a cnb002412786 
024 1 |a 099925609221 
028 0 1 |a SU 6092-2  |b Supraphon 
040 |a BOA001  |b cze 
072 7 |a 784  |x Vokální hudba  |2 Konspekt  |9 9 
080 |a 78.036  |2 MRF 
080 |a (086.76)  |2 MRF 
110 2 |a Fešáci (hudební skupina)  |7 kn20010710194 
245 1 0 |a Fešáci 45 let  |h [zvukový záznam] :  |b největší hity & bonusy 1967-2012 
246 3 |a 45 let 
260 |a Praha :  |b Supraphon,  |c p2012 
300 |a 2 zvukové desky (158:19) :  |b digital, stereo ;  |c 12 cm 
306 |a 011905  |a 011914 
500 |a Původní fonogramy p1969-p2007 Panton a další 
500 |a Kompaktní desky (AAD) 
505 2 0 |t Darling --  |t Poslední veřejné oběšení v Západní Virginii --  |t Sklenka --  |t Jackson --  |t Jaro --  |t Matterhorn --  |t Čím jezdí láska --  |t Slída --  |t Pojedou --  |t Ostrov Fešáků --  |t Ranní ticho --  |t Nádraží --  |t Svítá ve tvých tvářích --  |t Sundej z hodin závaží --  |t Kamaráde, pusť ten kolotoč --  |t Lojza a Líza --  |t Zvony --  |t Prodavač --  |t Paní má se má --  |t Dialog 2000 --  |t Přesný čas --  |t Šéfe --  |t Podzmní zpráva --  |t Od ní --  |t Vlak 30 - 50 --  |t Pošta Fešáci 1 --  |t Country bál --  |t Duhové znamení --  |t Džubox --  |t Always on my mind 
511 1 |a Fešáci a hosté 
518 |a Natočeno (kromě alba Bluegrass Hoppers) ve Studiu Smetanova divadla a v dalších v letech 1975-2012, bonusy natočeny ve studiích: Largo, Triton, MHS červenec - srpen 2012 
650 0 7 |a country music  |7 ph224322  |2 czenas 
655 7 |a kompaktní desky  |7 fd201991  |2 czenas 
910 2 |a BOA001  |b CDR-1297.452 
990 |a AV 
991 |b 201301 
996 6 |b 2610534884  |c CDR-1297.452  |l MZK  |r Sklad / do 24 hodin  |n 0  |p p.v.  |w 001308610  |u 000010  |a 1  |e BOA001  |j MZK50  |s P